La responsabilidad civil de los directores y gerentes de sociedades anónimas y empresas bancarias

Kaydedildi:
Detaylı Bibliyografya
Yazar: Illanes Ríos, Claudio (autor)
Materyal Türü: Kitap
Dil:İspanyolca
Baskı/Yayın Bilgisi: Santiago Colegio de Abogados de Chile 1998
Konular:
Etiketler: Etiketle
Etiket eklenmemiş, İlk siz ekleyin!

MARC

LEADER 00000nam a2200000 a 4500
001 UCO8585
003 CL-VaPUC
008 001215e19980000CL |||||||||||||||||spa|d
082 0 4 |a 346.066  |b ILL  |2 21 
100 |a Illanes Ríos, Claudio  |e autor  |9 550006 
245 1 3 |a La responsabilidad civil de los directores y gerentes de sociedades anónimas y empresas bancarias 
300 |a 28 p 
942 |c BK 
945 |d 20001215 00:00:00  |a vberengu 
260 |a Santiago  |b Colegio de Abogados de Chile  |c 1998 
650 7 |a RESPONSABILIDAD CIVIL  |2 CL-VaPUC  |9 453522 
650 0 |a Sociedades anónimas  |9 255387 
583 |a last modification  |c 20001215 00:00:00  |k Rodrigo Vera 
999 |c 293162  |d 293160 
952 |0 0  |1 0  |2 ddc  |4 0  |6 346_066000000000000_ILL_1998  |7 0  |8 A  |9 344468  |a BIBDER  |b BIBDER  |d 2019-11-20  |i 350736K  |l 2  |m 4  |o 346.066 ILL 1998  |p 350736K  |q 2025-12-31  |r 2021-10-11  |s 2021-10-11  |w 2019-11-20  |y MX  |k DER 
952 |0 0  |1 0  |2 ddc  |4 0  |6 346_066000000000000_ILL_1998  |7 0  |8 A  |9 344469  |a BIBDER  |b BIBDER  |d 2019-11-20  |i 3507378  |l 2  |m 4  |o 346.066 ILL 1998  |p 3507378  |q 2025-12-31  |r 2021-10-11  |s 2021-10-11  |w 2019-11-20  |y MX  |k DER